Пропуск в контексте

Начертательная геометрия курс лекций по разделу дисциплины «инженерная графика» для студентов бакалавриата, обучающихся по направлению подготовки 270800 «строительство»

Содержится материал курса, рассчитанного на 18 академических часов лекций. Рассмотрены основные темы раздела «Начертательная геометрия». Представлены теоретические основы, содержащие определения и теоремы, разобраны примеры решения задач, рассматриваемых на практических занятиях. Для студентов бакал...

תיאור מלא

שמור ב:
מידע ביבליוגרפי
מחבר ראשי: Бурова, Н. М. (070)
פורמט: Книга
נושאים:
גישה מקוונת:Перейти к просмотру издания
תגים: הוספת תג
אין תגיות, היה/י הראשונ/ה לתייג את הרשומה!
LEADER 02302nam0a2200349 4500
001 RU/IPR SMART/25721
856 4 |u https://www.iprbookshop.ru/25721.html  |z Перейти к просмотру издания 
801 1 |a RU  |b IPR SMART  |c 20250903  |g RCR 
010 |a 978-5-7264-0906-1 
205 |a Начертательная геометрия  |b 2029-07-01 
333 |a Лицензия до 01.07.2029 
100 |a 20250903d2014 k y0rusy01020304ca 
105 |a y j 000zy 
101 0 |a rus 
102 |a RU 
200 1 |a Начертательная геометрия  |e курс лекций по разделу дисциплины «инженерная графика» для студентов бакалавриата, обучающихся по направлению подготовки 270800 «строительство»  |f Н. М. Бурова 
700 1 |a Бурова,   |b Н. М.  |4 070 
330 |a Содержится материал курса, рассчитанного на 18 академических часов лекций. Рассмотрены основные темы раздела «Начертательная геометрия». Представлены теоретические основы, содержащие определения и теоремы, разобраны примеры решения задач, рассматриваемых на практических занятиях. Для студентов бакалавриата, обучающихся по направлению подготовки 270800 «Строительство». 
210 |a Москва  |c Московский государственный строительный университет, ЭБС АСВ  |d 2014 
610 1 |a начертательная геометрия 
610 1 |a строительство 
610 1 |a инженерная графика 
610 1 |a геометрия 
675 |a 514.18 
686 |a 22.151.3  |2 rubbk 
300 |a Книга находится в премиум-версии IPR SMART. 
106 |a s 
230 |a Электрон. дан. (1 файл) 
336 |a Текст 
337 |a электронный 
503 0 |a Доступна эл. версия. IPR SMART 
215 |a 77 с.